Entry Personal Name
Number of records used in: 1
001 - CONTROL NUMBER
003 - CONTROL NUMBER IDENTIFIER
005 - DATE AND TIME OF LATEST TRANSACTION
- control field:
20221108122548.0
008 - FIXED-LENGTH DATA ELEMENTS
- fixed length control field:
970828n| acannaabn |a aaa
010 ## - LIBRARY OF CONGRESS CONTROL NUMBER
- LC control number:
n 97922732
035 ## - SYSTEM CONTROL NUMBER
- System control number:
(OCoLC)oca04503873
040 ## - CATALOGING SOURCE
- Original cataloging agency:
DLC
- Language of cataloging:
eng
- Transcribing agency:
DLC
- Modifying agency:
OCoLC
- Modifying agency:
DLC
100 1# - HEADING--PERSONAL NAME
- Personal name:
Fraser-Jenkins, C. R.
400 1# - SEE FROM TRACING--PERSONAL NAME
- Personal name:
Jenkins, C. R. Fraser-
400 1# - SEE FROM TRACING--PERSONAL NAME
- Personal name:
Fraser-Jenkins, C. R.
- Fuller form of name:
(Christopher Roy)
400 1# - SEE FROM TRACING--PERSONAL NAME
- Personal name:
Fraser-Jenkins, Christopher Roy
670 ## - SOURCE DATA FOUND
- Source citation:
Himalayan ferns, c1997:
- Information found:
t.p. (C.R. Fraser-Jenkins)
670 ## - SOURCE DATA FOUND
- Source citation:
The first botanical collectors in Nepal, 2006:
- Information found:
jkt. (Christopher Roy Fraser-Jenkins; b. 1948; Ph. D. fr. Leicester U.; lived for 20 yrs. in Kathmandu, Nepal with his Nepalese wife; currently Nepal coordinator for the British volunteer-teacher gr.)